[Event "IECG CF.2004.0.00055 email"]
[Site "IECG email"]
[Date "2004.02.01"]
[Round "1"]
[White "Suomela, Todd"]
[Black "Castellano, Antonio Jr"]
[Result "0-1"]
[WhiteElo "1000"]
[BlackElo "1002"]
[PlyCount "45"]
[EventDate "2004.02.01"]
[EventType "tourn (corr)"]
[EventRounds "6"]
[SourceTitle "Corr 2008"]
[Source "ChessBase"]
[SourceDate "2008.06.24"]
[SourceVersion "1"]
[SourceVersionDate "2008.06.24"]
[SourceQuality "1"]

1. d4 d5 2. c4 Nf6 3. cxd5 Nxd5 4. Nf3 g6 5. e4 Nb6 6. Nc3 Bg7 7. Be2 0-0 8. 0-0 Bg4 9. b4 Bxf3 10. Bxf3 Qxd4 11. Qxd4 Bxd4 12. Bd2 Nc4 13. Bh6 Bxc3 14. Rac1 Bg7 15. Bg5 Ne5 16. Be2 Nbc6 17. Bd2 Nd4 18. Rfe1 Nxe2+ 19. Rxe2 c6 20. Rf1 Rfd8 21. Bf4 Nd3 22. Bg5 Kf8 23. Rd1 0-1